01628 2200217 4500001002100000005001500021035002000036001002100056005001500077035002000092245007600112100001700188250001700205300003400222260003400256082001000290084001600300020002200316650002400338520104800362INLIS00000000000107220250502122852 a0010-0525000016INLIS00000000000046020240702084544 a0010-07240000151 aAl-Qur'an dan Hadis 5 untuk Kelas V Madrasah Ibtidaiyah /cChoirul Fata0 aChoirul Fata acetakan ke-1 axvi, 128 hlm :bilus ;c25 cm aSolo :bTiga Serangkai,c2019 a2X1.1 a2X1.1 CHO a a978-602-257-751-5 4aBuku Teks Pelajaran aBuku Cinta Al-Qur'an dan Hadis I untuk Kelas I Madrasah Ibtidaiyah ini merupakan sarana pembelajaran siswa tentang Al-Qur'an dan hadis sebagai pedoman hidup umat Islam. Buku ini disusun berdasarkan Kompe-tensi Inti dan Kompetensi Dasar Tahun 2013 Materi di buku ini dikemas dengan bahasa yang sederhana dan komuni-katif sesuai dengan tingkat pemahaman siswa madrasah ibtidaiyah. Di dalamnya terdapat cara mudah untuk melafalkan dan menghafal surah Al-Qur'an dan hadis. Selain itu, buku ini juga dilengkapi beberapa suple-men yang sangat variatif. Hal ini bertujuan untuk meningkatkan daya imajinasi dan kreativitas sehingga aspek afektif dan psikomotorik siswa dapat dilatih. Tilawah Penilaian Sikap Qi??ah Mua'??irah (Cerita Bermakna) Mahf?z?t (Mutiara Hikmah) Lu'bah (Permainan) Penyajian buku ini mengantarkan siswa lebih mudah menguasai materi pembelajaran, baik teori maupun praktik. Dengan demikian, cukup dijadi-kan alasan penggunaan buku ini di sekolah dalam belajar Al-Qur'an dan hadis, serta mencintai keduanya.